ბათუმის შოთა რუსთაველის სახელმწიფო უნივერსიტეტის ბიბლიოთეკა

რეკრეაციული და სამკურნალო ტურიზმის განვითარების შესაძლებლობები ატიპური ეკონომიკური კრიზისის პირობებში (აჭარის ავტონომიური რესპუბლიკის მაგალითზე) : (ბიბ.ჩანაწერი № 58706)

000 -ლიდერი
ფიქსირებული სიგრძის საკონტროლო ველი 01760nam a22002177a 4500
003 - საკონტროლო ნომრის იდენტიფიკატორი
საკონტროლო ველი Ge_BSU
005 - ბოლო ოპერაციის თარიღი და დრო
საკონტროლო ველი 20220701124814.0
008 - ფიქსირებული სიგრძის მონაცემთა ელემენტები - ზოგადი ინფორმაცია
ფიქსირებული სიგრძის საკონტროლო ველი 220701s2022 ge ||||| |||| 00| 0 geo d
041 ## - ენის კოდი
Language code of text/sound track or separate title geo
080 ## - უნივერსალური ათობითი კლასიფიკაციის ინდექსი
Universal Decimal Classification number 33 ბ-19
100 ## - მთავარი ჩანაწერი - პიროვნების სახელი
Personal name ბაკურიძე, სოფიო
9 (RLIN) 14277
245 ## - ცნობა სათაურის შესახებ
Title რეკრეაციული და სამკურნალო ტურიზმის განვითარების შესაძლებლობები ატიპური ეკონომიკური კრიზისის პირობებში (აჭარის ავტონომიური რესპუბლიკის მაგალითზე) :
Remainder of title დისერტაცია /
Statement of responsibility, etc სოფიო ბაკურიძე; სამეცნიერო ხელმძღვანელი რეზო მანველიძე; ბსუ. ეკონომიკისა და ბისნესის ფაკულტეტი.
264 ## - წარმოების, გამოცემის, დისტრიბუციის და სხვა ცნობები
გამოცემის, წარმოების, დისტრიბუციის... ადგილი ბათუმი :
გამოცემის, წარმოების, დისტრიბუციის... თარიღი 2022.
300 ## - ფიზიკური აღწერა
Extent 164 გვ.;
Other physical details 30 სმ.
504 ## - BIBLIOGRAPHY, ETC. NOTE
Bibliography, etc ბიბლიოგრ. გვ. 148-164
653 ## - INDEX TERM--UNCONTROLLED
Uncontrolled term რეკრეაციული და სამკურნალო ტურიზმის განვითარების შესაძლებლობები ატიპური ეკონომიკური კრიზისის პირობებში
653 ## - INDEX TERM--UNCONTROLLED
Uncontrolled term დისერტაცია
700 ## - ADDED ENTRY--PERSONAL NAME
Personal name მანველიძე, რეზო
Relator term სამეცნიერო ხელმძღვანელი
9 (RLIN) 1497
710 ## - ADDED ENTRY--CORPORATE NAME
Corporate name or jurisdiction name as entry element ბსუ.
Subordinate unit ეკონომიკისა და ბისნესის ფაკულტეტი
9 (RLIN) 14278
942 ## - ADDED ENTRY ELEMENTS (KOHA)
Source of classification or shelving scheme
Koha item type დისერტაცია
ეგზემპლარები
ჩამოწერის სტატუსი დაკარგული ეგზემპლარის სტატუსი კლასიფიკაციის წყარო ან თაროზე გაწყობის სქემა დაზიანების სტატუსი არ გაიცემა მუდმივი მდებარეობა (დაცვის ადგილი) ამჟამინდელი ადგილსამყოფელი თაროზე განთავსების ადგილი შეძენის თარიღი სრული შენახვის შიფრი შტრიხკოდი ბოლო ოპერაციის თარიღი ეგზემპლარის მიმდევრობითი ნომერი (კეტერი?) ფასის ძალაში შესვლის თარიღი ეგზემპლარის სახეობა
        არ გაიცემა ბათუმის შოთა რუსთაველის სახელმწიფო უნივერსიტეტის მთავარი ბიბლიოთეკა ბათუმის შოთა რუსთაველის სახელმწიფო უნივერსიტეტის მთავარი ბიბლიოთეკა წიგნსაცავი 2022-07-01 33 ბ-19 396 დისერტაცია 2022-07-01 396 2022-07-01 დისერტაცია